000 00647nam a22002297a 4500
003 UA-OsUOA
001 47486
007 ta
008 20070726b un ||||| |||| 00| 0 ukr d
100 _aН.С. Петруничева
090 _a811,112,2(075)
_bН11
942 _cBK
040 _aUA-OsUOA
_brus
_cUA-OsUOA
_dUA-OsUOA
245 _aПособие по немецкому языку
300 _a159 с.
955 _a2
041 _arus
080 _a811,112,2(075)
260 _aМ.
_c1976
650 7 _a8 Мовознавство. Художня література. Літературознавство
_2UDC
999 _c333583
_d333583